<?xml version="1.0" encoding="UTF-8"?>
<record
    xmlns:xsi="http://www.w3.org/2001/XMLSchema-instance"
    xsi:schemaLocation="http://www.loc.gov/MARC21/slim http://www.loc.gov/standards/marcxml/schema/MARC21slim.xsd"
    xmlns="http://www.loc.gov/MARC21/slim">

  <leader>00860nam a22001697a 4500</leader>
  <controlfield tag="003">LRUA</controlfield>
  <controlfield tag="005">20230313165419.0</controlfield>
  <controlfield tag="008">230313b        xxu||||| |||| 00| 0 eng d</controlfield>
  <datafield tag="040" ind1=" " ind2=" ">
    <subfield code="c">RUA</subfield>
  </datafield>
  <datafield tag="082" ind1=" " ind2=" ">
    <subfield code="a">FOR </subfield>
    <subfield code="2"> CHA 2008 B135 Or.1</subfield>
  </datafield>
  <datafield tag="100" ind1=" " ind2=" ">
    <subfield code="a">CHAN, NARA.</subfield>
  </datafield>
  <datafield tag="245" ind1=" " ind2=" ">
    <subfield code="a">Study on collection and utilization of non-timer forest products in meanrith commune sandann district kampong thom province, &#x1780;&#x17B6;&#x179A;&#x179F;&#x17B7;&#x1780;&#x17D2;&#x179F;&#x17B6;&#x1796;&#x17B8;&#x1780;&#x17B6;&#x179A;&#x1794;&#x17D2;&#x179A;&#x1798;&#x17BC;&#x179B;&#x1795;&#x179B; &#x1793;&#x17B7;&#x1784;&#x1780;&#x17B6;&#x179A;&#x1794;&#x17D2;&#x179A;&#x17BE;&#x1794;&#x17D2;&#x179A;&#x17B6;&#x179F;&#x17CB;&#x17A2;&#x1793;&#x17BB;&#x1795;&#x179B;&#x1796;&#x17D2;&#x179A;&#x17C3;&#x1788;&#x17BE;&#x1793;&#x17C5;&#x1780;&#x17D2;&#x1793;&#x17BB;&#x1784;&#x1783;&#x17BB;&#x17C6;&#x1798;&#x17B6;&#x1793;&#x179A;&#x17B7;&#x1791;&#x17D2;&#x1792; &#x179F;&#x17D2;&#x179A;&#x17BB;&#x1780;&#x179F;&#x178E;&#x17D2;&#x178A;&#x17B6;&#x1793;&#x17CB; &#x1781;&#x17C1;&#x178F;&#x17D2;&#x178F;&#x1780;&#x17C6;&#x1796;&#x1784;&#x17CB;&#x1792;&#x17C6;</subfield>
  </datafield>
  <datafield tag="260" ind1=" " ind2=" ">
    <subfield code="a">Phnom Penh</subfield>
    <subfield code="b">RUA</subfield>
    <subfield code="c">2008</subfield>
  </datafield>
  <datafield tag="300" ind1=" " ind2=" ">
    <subfield code="a">xi; 47p.</subfield>
    <subfield code="b">ill.</subfield>
    <subfield code="c">29cm.</subfield>
  </datafield>
  <datafield tag="856" ind1=" " ind2=" ">
    <subfield code="u">https://drive.google.com/file/d/1kc9WS7bPet6N6vWV-jEJo0JzRWZ8Hmc3/view?usp=sharing</subfield>
  </datafield>
  <datafield tag="942" ind1=" " ind2=" ">
    <subfield code="c">FOR</subfield>
    <subfield code="2">ddc</subfield>
  </datafield>
  <datafield tag="999" ind1=" " ind2=" ">
    <subfield code="c">3362</subfield>
    <subfield code="d">3362</subfield>
  </datafield>
  <datafield tag="952" ind1=" " ind2=" ">
    <subfield code="0">0</subfield>
    <subfield code="1">0</subfield>
    <subfield code="2">ddc</subfield>
    <subfield code="4">0</subfield>
    <subfield code="6">FOR_CHA_2008_000000000000000_B135_OR_1</subfield>
    <subfield code="7">0</subfield>
    <subfield code="9">15788</subfield>
    <subfield code="a">LBB</subfield>
    <subfield code="b">LBB</subfield>
    <subfield code="c">B135</subfield>
    <subfield code="d">2015-11-12</subfield>
    <subfield code="l">1</subfield>
    <subfield code="o">FOR CHA 2008 B135 Or.1</subfield>
    <subfield code="p">RUA028055</subfield>
    <subfield code="r">2019-05-03</subfield>
    <subfield code="s">2019-02-08</subfield>
    <subfield code="w">2015-11-12</subfield>
    <subfield code="y">FOR</subfield>
  </datafield>
  <datafield tag="952" ind1=" " ind2=" ">
    <subfield code="0">0</subfield>
    <subfield code="1">0</subfield>
    <subfield code="2">ddc</subfield>
    <subfield code="4">0</subfield>
    <subfield code="6">FOR_CHA_2008_000000000000000_B136_OR_2</subfield>
    <subfield code="7">0</subfield>
    <subfield code="9">15789</subfield>
    <subfield code="a">LBB</subfield>
    <subfield code="b">LBB</subfield>
    <subfield code="c">B136</subfield>
    <subfield code="d">2015-11-12</subfield>
    <subfield code="o">FOR CHA 2008 B136 Or.2</subfield>
    <subfield code="p">RUA028127</subfield>
    <subfield code="r">2015-11-12</subfield>
    <subfield code="w">2015-11-12</subfield>
    <subfield code="y">FOR</subfield>
  </datafield>
  <datafield tag="952" ind1=" " ind2=" ">
    <subfield code="0">0</subfield>
    <subfield code="1">0</subfield>
    <subfield code="2">ddc</subfield>
    <subfield code="4">0</subfield>
    <subfield code="6">FOR_CHA_2008_000000000000000_B135_OR_3</subfield>
    <subfield code="7">0</subfield>
    <subfield code="9">15790</subfield>
    <subfield code="a">LBB</subfield>
    <subfield code="b">LBB</subfield>
    <subfield code="c">B135</subfield>
    <subfield code="d">2015-11-12</subfield>
    <subfield code="o">FOR CHA 2008 B135 Or.3</subfield>
    <subfield code="p">RUA028339</subfield>
    <subfield code="r">2015-11-12</subfield>
    <subfield code="w">2015-11-12</subfield>
    <subfield code="y">FOR</subfield>
  </datafield>
  <datafield tag="952" ind1=" " ind2=" ">
    <subfield code="0">0</subfield>
    <subfield code="1">0</subfield>
    <subfield code="2">ddc</subfield>
    <subfield code="4">0</subfield>
    <subfield code="6">FOR_CHA_2008_000000000000000_B135_OR_4</subfield>
    <subfield code="7">0</subfield>
    <subfield code="9">15791</subfield>
    <subfield code="a">LBB</subfield>
    <subfield code="b">LBB</subfield>
    <subfield code="c">B135</subfield>
    <subfield code="d">2015-11-12</subfield>
    <subfield code="l">1</subfield>
    <subfield code="o">FOR CHA 2008 B135 Or.4</subfield>
    <subfield code="p">RUA028341</subfield>
    <subfield code="r">2016-07-22</subfield>
    <subfield code="s">2016-06-21</subfield>
    <subfield code="w">2015-11-12</subfield>
    <subfield code="y">FOR</subfield>
  </datafield>
  <datafield tag="952" ind1=" " ind2=" ">
    <subfield code="0">0</subfield>
    <subfield code="1">0</subfield>
    <subfield code="2">ddc</subfield>
    <subfield code="4">0</subfield>
    <subfield code="6">FOR_CHA_2008_000000000000000_B135_OR_5</subfield>
    <subfield code="7">0</subfield>
    <subfield code="9">15926</subfield>
    <subfield code="a">LBB</subfield>
    <subfield code="b">LBB</subfield>
    <subfield code="c">B135</subfield>
    <subfield code="d">2015-11-13</subfield>
    <subfield code="o">FOR CHA 2008 B135 Or.5</subfield>
    <subfield code="p">RUA027298</subfield>
    <subfield code="r">2015-11-13</subfield>
    <subfield code="w">2015-11-13</subfield>
    <subfield code="y">FOR</subfield>
  </datafield>
  <datafield tag="952" ind1=" " ind2=" ">
    <subfield code="0">0</subfield>
    <subfield code="1">0</subfield>
    <subfield code="2">ddc</subfield>
    <subfield code="4">0</subfield>
    <subfield code="6">FOR_CHA_2008_000000000000000_B135_OR_6</subfield>
    <subfield code="7">0</subfield>
    <subfield code="9">15927</subfield>
    <subfield code="a">LBB</subfield>
    <subfield code="b">LBB</subfield>
    <subfield code="c">B135</subfield>
    <subfield code="d">2015-11-13</subfield>
    <subfield code="o">FOR CHA 2008 B135 Or.6</subfield>
    <subfield code="p">RUA027226</subfield>
    <subfield code="r">2015-11-13</subfield>
    <subfield code="w">2015-11-13</subfield>
    <subfield code="y">FOR</subfield>
  </datafield>
  <datafield tag="952" ind1=" " ind2=" ">
    <subfield code="0">0</subfield>
    <subfield code="1">0</subfield>
    <subfield code="2">ddc</subfield>
    <subfield code="4">0</subfield>
    <subfield code="6">FOR_CHA_2008_000000000000000_B135_OR_7</subfield>
    <subfield code="7">0</subfield>
    <subfield code="9">15928</subfield>
    <subfield code="a">LBB</subfield>
    <subfield code="b">LBB</subfield>
    <subfield code="c">B135</subfield>
    <subfield code="d">2015-11-13</subfield>
    <subfield code="l">1</subfield>
    <subfield code="o">FOR CHA 2008 B135 Or.7</subfield>
    <subfield code="p">RUA027472</subfield>
    <subfield code="r">2016-04-06</subfield>
    <subfield code="s">2016-03-18</subfield>
    <subfield code="w">2015-11-13</subfield>
    <subfield code="y">FOR</subfield>
  </datafield>
  <datafield tag="952" ind1=" " ind2=" ">
    <subfield code="0">0</subfield>
    <subfield code="1">0</subfield>
    <subfield code="2">ddc</subfield>
    <subfield code="4">0</subfield>
    <subfield code="6">FOR_CHA_2008_000000000000000_B135_OR_8</subfield>
    <subfield code="7">0</subfield>
    <subfield code="9">15929</subfield>
    <subfield code="a">LBB</subfield>
    <subfield code="b">LBB</subfield>
    <subfield code="c">B135</subfield>
    <subfield code="d">2015-11-13</subfield>
    <subfield code="l">1</subfield>
    <subfield code="o">FOR CHA 2008 B135 Or.8</subfield>
    <subfield code="p">RUA027080</subfield>
    <subfield code="r">2024-10-07</subfield>
    <subfield code="s">2024-09-27</subfield>
    <subfield code="w">2015-11-13</subfield>
    <subfield code="y">FOR</subfield>
  </datafield>
</record>
